000 00296nam a22001097a 4500
008 230623b xxu||||| |||| 00| 0 eng d
082 _a330.963
_bPIK 1968
245 _aMalawi :A Political and Economic History
260 _aLondon
_bPall Mall Press Ltd
_c1968
300 _aVII,248p
942 _2ddc
_cBK
999 _c2540
_d2540